Накопление и релаксация объемного заряда в диэлектриках: диссертация на соискание ученой степени кандидата физико-математических наук; спец.01.04.01

Detalles Bibliográficos
Autor principal: Соловьев Ю. А.
Autor Corporativo: Томский политехнический институт
Otros Autores: Кононов О. Б. (научный руководитель), Евдокимов О. Б. (редактор)
Lenguaje:ruso
Publicado: Томск, [Б. и.], 1978
Materias:
Formato: MixedMaterials Libro
KOHA link:https://koha.lib.tpu.ru/cgi-bin/koha/opac-detail.pl?biblionumber=81760

MARC

LEADER 00000nbm0a2200000 4500
001 81760
005 20231031095304.0
035 |a (RuTPU)RU\TPU\book\87870 
090 |a 81760 
100 |a 20050923d1978 k y0rusy50 ca 
101 0 |a rus 
102 |a RU 
105 |a a m 001zy 
200 1 |a Накопление и релаксация объемного заряда в диэлектриках  |e диссертация на соискание ученой степени кандидата физико-математических наук  |e спец.01.04.01  |f Ю. А. Соловьев  |g Томский политехнический институт; науч. рук. О. Б. Кононов, О. Б. Евдокимов 
210 |a Томск  |c [Б. и.]  |d 1978 
215 |a 179 л.  |c ил. 
320 |a Библиогр.: с. 173-179 (80 назв.). 
610 1 |a диссертации 
610 1 |a накопление 
610 1 |a релаксация 
610 1 |a объемные заряды 
610 1 |a диэлектрики 
610 1 |a экспериментальная физика 
610 1 |a инжекция 
610 1 |a радиационная электропроводность 
610 1 |a ионизирующие излучения 
610 1 |a зондирование плазмы 
610 1 |a бета-частицы 
610 1 |a температурная зависимость 
610 1 |a облучение 
610 1 |a гамма-кванты 
610 1 |a электричество 
675 |a 537.226(04)  |v 3 
686 |a 01.04.01  |2 oksvnk 
700 1 |a Соловьев  |b Ю. А. 
702 1 |a Кононов  |b О. Б.  |4 727 
702 1 |a Евдокимов  |b О. Б.  |4 340 
712 0 2 |a Томский политехнический институт  |2 stltpush  |3 (RuTPU)RU\TPU\col\1123 
801 1 |a RU  |b 63413507  |c 20050923  |g PSBO 
801 2 |a RU  |b 63413507  |c 20200828  |g PSBO 
942 |c BK